Odložená daňová povinnosť
Daňová povinnosť vyplývajúca z ustanovení o daniach z príjmov tvorí jednu zo základných zložiek nákladov podnikateľského subjektu. Účty účtovnej skupiny 59 - Dane z príjmov a prevodové účty sa použijú na zachytenie daňovej povinnosti. Daňová povinnosť splatná za dané účtovné obdobie. Odložená daňová...
Uložené v:
| Hlavný autor: | |
|---|---|
| Ďalší autori: | |
| Médium: | Kapitola |
| Jazyk: | Slovak |
| Predmet: | |
| Tagy: |
Žiadne tagy, Buďte prvý, kto otaguje tento záznam!
|
MARC
| LEADER | 00000naa a2200000 4500 | ||
|---|---|---|---|
| 001 | r030494 | ||
| 005 | 20230919080835.9 | ||
| 041 | 0 | |a slo | |
| 044 | |a SK | ||
| 245 | 1 | 0 | |a Odložená daňová povinnosť |c Daniel Jánoš, Renáta Juríková |
| 520 | |a Daňová povinnosť vyplývajúca z ustanovení o daniach z príjmov tvorí jednu zo základných zložiek nákladov podnikateľského subjektu. Účty účtovnej skupiny 59 - Dane z príjmov a prevodové účty sa použijú na zachytenie daňovej povinnosti. Daňová povinnosť splatná za dané účtovné obdobie. Odložená daňová povinnosť. Vplyv odloženej dane na disponibilný zisk. Príklady. | ||
| 610 | 2 | 0 | |a povinnosť daňová |
| 610 | 2 | 0 | |a obdobie účtovné |
| 610 | 2 | 0 | |a účty |
| 610 | 2 | 0 | |a dane z príjmov |
| 610 | 2 | 0 | |a odpisy daňové |
| 100 | 1 | |a Jánoš, Daniel | |
| 700 | 1 | |a Juríková, Renáta | |